Central Library OPAC University of Rajshahi

A theory of justice / (Record no. 14558)

MARC details
000 -LEADER
fixed length control field 00649cam a2200241 4500
001 - CONTROL NUMBER
control field 14558
003 - CONTROL NUMBER IDENTIFIER
rucl marc code BD-RjUL
005 - DATE AND TIME OF LATEST TRANSACTION
control field 20211208235641.0
008 - FIXED-LENGTH DATA ELEMENTS--GENERAL INFORMATION
fixed length control field 140206m19731971enk 001 0 eng
035 ## - SYSTEM CONTROL NUMBER
System control number (BD-RjUL)14611
040 ## - CATALOGING SOURCE
Original cataloging agency DLC
Transcribing agency DLC
Modifying agency BD-RjUL
Language of cataloging eng
041 ## - LANGUAGE CODE
Language code of text/sound track or separate title eng
082 00 - DEWEY DECIMAL CLASSIFICATION NUMBER
Classification number 320.011
Edition number 19
Author mark and year RAT 1973
100 1# - MAIN ENTRY--PERSONAL NAME
Personal name Rawls, John
Dates associated with a name 1921-2002.
9 (RLIN) 45394
245 12 - TITLE STATEMENT
Title A theory of justice /
Statement of responsibility, etc. John Rawls
260 ## - PUBLICATION, DISTRIBUTION, ETC. (IMPRINT)
Place of publication, distribution, etc. London :
Name of publisher, distributor, etc. Oxford Clarendon Press,
Date of publication, distribution, etc. c1971 [1973].
300 ## - PHYSICAL DESCRIPTION
Pagination xv, 607 p. ;
Size 20 cm.
504 ## - BIBLIOGRAPHY, ETC. NOTE
Bibliography, etc Include index.
650 #0 - SUBJECT ADDED ENTRY--TOPICAL TERM
Topical term or geographic name as entry element Justice.
9 (RLIN) 45395
942 ## - ADDED ENTRY ELEMENTS (KOHA)
Source of classification or shelving scheme Dewey Decimal Classification
Koha item type Books
Holdings
Lost status Source of classification or shelving scheme Damaged status Not for loan Collection code Permanent Location Current Location Shelving location Date acquired Source of acquisition Cost, normal purchase price Total Checkouts Full call number Date last seen Copy number Koha item type Date checked out
  Dewey Decimal Classification   Not For Loan Non-fiction Central Library, University of Rajshahi Central Library, University of Rajshahi Reading Room 29/11/1975 London, jonathan 1.25   320.011 RAT 1973 06/02/2014 C-1 Books  
  Dewey Decimal Classification     Non-fiction Central Library, University of Rajshahi Central Library, University of Rajshahi   10/04/2014     1 320.011 RAT 1973 01/04/2015 C-3 Books 29/03/2015
  Dewey Decimal Classification     Non-fiction Central Library, University of Rajshahi Central Library, University of Rajshahi   29/11/1975 Gonathan Wren & Co. 1.25   320.011 RAT 1973 15/04/2014 C-2 Books